Mianzo na Umilikwaji: (Record no. 6929)

MARC details
000 -LEADER
fixed length control field 00324nam a22001097a 4500
008 - FIXED-LENGTH DATA ELEMENTS--GENERAL INFORMATION
fixed length control field 200406b ||||| |||| 00| 0 eng d
245 ## - TITLE STATEMENT
Title Mianzo na Umilikwaji:
Remainder of title Mwongozo wa Kujifunza Biblia kwa Watu wazima/
Medium Swahili.
260 ## - PUBLICATION, DISTRIBUTION, ETC. (IMPRINT)
Place of publication, distribution, etc. Hedaru:
Name of publisher, distributor, etc. SDA,
Date of publication, distribution, etc. 2006.
300 ## - PHYSICAL DESCRIPTION
Extent 160P;
Dimensions 21CM.-
650 ## - SUBJECT ADDED ENTRY--TOPICAL TERM
Source of heading or term CHRISTIANITY
942 ## - ADDED ENTRY ELEMENTS (KOHA)
Source of classification or shelving scheme Dewey Decimal Classification
Koha item type BOOKS

No items available.

IRDP © 2021 :: Managed by ICT Team